Szczegóły MARC21

Ganz unten : mit einer Dokumentation der Folgen /

003 -Nazwa inst., której nr kontr. jest w polu 001 [,]
    • @
    • Nazwa instytucji, której n kontrolny jest w polu 001
    • NUKAT
005 -DATA I CZAS OSTATNIEJ MODYFIKACJI [,]
    • @
    • pole kontrolne
    • 20241231104638.0
020 -Międzynarod. znormalizowany nr książki - ISBN [ , ]
    • a
    • Numer ISBN
    • 3462019244 Find
040 -Instytucja sporządzająca opis [ , ]
    • a
    • Instytucja, która sporządziła opis (NP)
    • WA U/70MST
    • c
    • Instytucja, która sporządziła rekord (NP)
    • WA U/MST
    • d
    • Instytucja, która zmodyfikowała rekord (P)
    • WA U/AO
    • d
    • Instytucja, która zmodyfikowała rekord (P)
    • KAT U/46MMs
    • d
    • Instytucja, która zmodyfikowała rekord (P)
    • KR 119/IK
942 -Rodzaj dokumentu [ , ]
    • c
    • Rodzaj dokumentu
    • Książka
100 -Hasło główne - nazwa osobowa [1, ]
    • a
    • Nazwa osobowa (NP)
    • Wallraff, Günter
    • d
    • Daty biograficzne (NP)
    • (1942- ).
    • 9
    • KHW
    • 48153
240 -Tytuł ujednolicony [1,0]
    • a
    • Tytuł ujednolicony
    • Ganz unten
    • l
    • Język tekstu
    • (niem.)
    • 9
    • KHW
    • 539893
245 -Strefa tytułu i oznaczenia odpowiedzialności [1,0]
    • a
    • Tytuł
    • Ganz unten : Find
    • b
    • Ciąg dalszy tytułu (NP)
    • mit einer Dokumentation der Folgen / Find
    • c
    • Pozostałe elementy strefy tytułu i oznaczenia odpowiedzialności (NP)
    • Günter Wallraff.
260 -Strefa adresu wydawniczego [ , ]
    • a
    • Miejsce wydania (P)
    • Köln :
    • b
    • Nazwa wydawcy (P)
    • Kiepenheuer and Witsch,
    • c
    • Data wydania (P)
    • cop. 1988.
300 -Strefa opisu fizycznego [ , ]
    • a
    • Określenie formy książki i/lub objętość (NP)
    • 432, [6] s. tabl. :
    • b
    • Oznaczenie ilustracji (NP)
    • il. ;
    • c
    • Format (NP)
    • 19 cm.
336 -Typ zawartości [ , ]
    • a
    • Termin opisujący typ zawartości
    • Tekst
    • b
    • Kod określający zawartość
    • txt
    • 2
    • Źródło (terminu i kodu)
    • rdacontent
337 -Typ mediów [ , ]
    • a
    • Tryb odtwarzania
    • Bez urządzenia pośredniczącego
    • b
    • Kod typu mediów
    • n
    • 2
    • Źródło (terminu i kodu)
    • rdamedia
338 -Typ/rodzaj nośnika [ , ]
    • a
    • Hasło opisujące typ nośnika
    • Wolumin
    • b
    • Kod typu nośnika
    • nc
    • 2
    • Źródło (terminu i kodu)
    • rdacarrier
490 -Strefa serii i książki wielotomowej - forma nie do wyszukiwania [1, ]
    • a
    • Tytuł (P)
    • KiWi ; Find
    • v
    • Numeracja (P)
    • 176
830 -Hasło dodatkowe serii i opisu książki wielotomowej - tytuł ujednolicony/tytuł [ ,0]
    • a
    • Tytuł ujednolicony/tytuł (NP)
    • KiWi
    • v
    • Oznaczenie tomu (NP)
    • 176
    • 9
    • KHW
    • 420453
080 -Uniwersalna Klasyfikacja Dziesiętna [ , ]
    • a
    • Symbol klasyfikacji
    • 316.32(430)=30
080 -Uniwersalna Klasyfikacja Dziesiętna [ , ]
    • a
    • Symbol klasyfikacji
    • :316.4=30
080 -Uniwersalna Klasyfikacja Dziesiętna [ , ]
    • a
    • Symbol klasyfikacji
    • :323.15(430=1.560)=30
080 -Uniwersalna Klasyfikacja Dziesiętna [ , ]
    • a
    • Symbol klasyfikacji
    • :323.2"1983/..."(430)=30
650 -Hasło przedmiotowe [ ,7]
    • a
    • Hasło przedmiotowe
    • Praca fizyczna
    • z
    • Określnik geograficzny
    • Niemcy
    • y
    • Określnik chronologiczny
    • 1945-1990
    • v
    • Określnik formalny
    • publicystyka.
    • 2
    • Źródło terminu
    • kaba
    • 9
    • KHW
    • 370073
650 -Hasło przedmiotowe [ ,7]
    • a
    • Hasło przedmiotowe
    • Pracownicy zagraniczni
    • z
    • Określnik geograficzny
    • Niemcy
    • y
    • Określnik chronologiczny
    • 1945-1990
    • v
    • Określnik formalny
    • publicystyka.
    • 2
    • Źródło terminu
    • kaba
    • 9
    • KHW
    • 370074
650 -Hasło przedmiotowe [ ,7]
    • a
    • Hasło przedmiotowe
    • Mniejszości
    • z
    • Określnik geograficzny
    • Niemcy
    • y
    • Określnik chronologiczny
    • 1945-1990
    • v
    • Określnik formalny
    • publicystyka.
    • 2
    • Źródło terminu
    • kaba
    • 9
    • KHW
    • 370075
655 -Hasło w funkcji tematu formalnego [ ,7]
    • a
    • Hasło
    • Publicystyka niemiecka
    • y
    • Określnik chronologiczny
    • 1970-1990.
    • 2
    • Źródło terminu
    • kaba
    • 9
    • KHW
    • 540175
980 -Symbol UKD [ , ]
    • a
    • UKD
    • 316.32(430):316.4:323.15(430=1.560):323.2"1983/..."(430)]=30
710 -Hasło dodatkowe - nazwa ciała zbiorowego [2, ]
    • a
    • Nazwa ciała zbiorowego lub nazwa geograficzna jako pierwszy element (NP)
    • Verlag Kiepenheuer & Witsch.
    • 4
    • Kod relacji
    • pbl
    • 9
    • KHW
    • 78681
920 -ISBN [ , ]
    • a
    • ISBN
    • 3-462-01924-4 Find
Sygnatura Lokalizacja Data inwentaryzacji Numer inwentarzowy Status udost.
Germ. Literatura niemieckaBM1995-11-10G.10038-3
Germ. Literatura niemieckaBM1995-11-10G.10034-3
Germ. Literatura niemieckaBM1995-11-10G.10035-3
Germ. Literatura niemieckaBM1995-11-10G.10036-3
 BM1995-11-10G.100371